LEGO Series 6 Minifigures by Picture - Statistics

General Stats
  • This quiz has been taken 16 times
  • The average score is 10 of 16
Answer Stats
Picture Answer % Correct
Classic Alien
100%
Clockwork Robot
91%
Lady Liberty
82%
Mechanic
82%
Surgeon
82%
Genie
73%
Leprechaun
73%
Minotaur
73%
Roman Soldier
73%
Butcher
64%
Bandit
55%
Skater Girl
55%
Sleepyhead
45%
Flamenco Dancer
36%
Intergalactic Girl
36%
Highlander Battler
27%
No matching quizzes found
Score Distribution
Percent of People with Each Score
Percentile by Number Answered
Your Score History
You have not taken this quiz